| 000 | 00000nam##2200000za#4500 |
| 001 | 9.663867 |
| 003 | CaOODSP |
| 005 | 20210615121250 |
| 007 | ta |
| 008 | 150407|2002||||xxc||||| f|0| 0 eng|d |
| 020 | |a0-662-66702-6 |
| 040 | |aCaOODSP|beng |
| 041 | |aeng |
| 041 | |afre |
| 043 | |an-cn--- |
| 086 | 1 |aT22-114/2002 |
| 110 | 1 |aCanada. |bTransport Canada. |
| 245 | 10|aProtecting our borders and skies : |binformation from the government of Canada for travellers |
| 260 | |aOttawa - Ontario : |bTransport Canada |c2002. |
| 300 | |aEnglish text, 8p. : |bcoloured figs. ; |c21 cm. |
| 563 | |aPamphlet |
| 590 | |a02-30|b2002-07-26 |
| 690 | 07|aAir transport|2gcpds |
| 690 | 07|aBorder crossing|2gcpds |
| 690 | 07|aSafety measures|2gcpds |
| 776 | 0#|tLa protection des nos frontières et de notre espace aérien : |w(CaOODSP)9.639885 |
| 776 | 0#|tProtecting our borders and skies : |w(CaOODSP)9.695763 |
| 792 | |tLa protection de nos frontières et de notre espace aérien : |efre|w(CaOODSP)9.663868 |